|
|
|
|
| LEADER |
00000nas a2200000 a 4500 |
| 001 |
ssj0006954 |
| 003 |
WaSeSS |
| 005 |
20200512172242.0 |
| 006 |
m d |
| 007 |
cr n |
| 008 |
990729c19509999ne mr pss 0 a0eng c |
| 010 |
|
|
|a 2004233099
|
| 015 |
|
|
|a 17,O11
|2 dnb
|
| 016 |
7 |
|
|a 020244088
|2 DE-101
|
| 016 |
7 |
|
|a 2008947-8
|2 DE-600
|
| 016 |
7 |
|
|a 012434717
|2 Uk
|
| 022 |
|
|
|a 1573-0883
|l 0031-8116
|y 0031-8116
|
| 030 |
|
|
|a PLSDA3
|
| 035 |
|
|
|a (WaSeSS)ssj0006954
|
| 040 |
|
|
|a F#A
|b eng
|c F#A
|d OCLCQ
|d GUA
|d EYM
|d U9S
|d GUA
|d OCLCQ
|d BUF
|d OCLCF
|d OCLCO
|d OCLCQ
|d DEBBG
|d WT2
|d GWDNB
|d RCE
|d EZC
|d OCLCQ
|d DLC
|d WYU
|d UKMGB
|d VT2
|d NJT
|d OCLCQ
|d WaSeSS
|
| 042 |
|
|
|a pcc
|
| 050 |
0 |
0 |
|a B21
|
| 082 |
0 |
4 |
|a 100
|
| 130 |
0 |
|
|a Philosophical studies (Online)
|
| 210 |
0 |
|
|a Philos. stud.
|b (Dordr., Online)
|
| 222 |
|
0 |
|a Philosophical studies
|b (Dordrecht. Online)
|
| 245 |
1 |
0 |
|a Philosophical studies
|h [electronic resource].
|
| 260 |
|
|
|a Minneapolis, Minn. :
|b University of Minnesota Press,
|c 1950-
|
| 260 |
3 |
|
|3 2005- :
|a [Dordrecht] :
|b Springer Netherlands
|
| 310 |
|
|
|a Monthly,
|b 2015-
|
| 321 |
|
|
|a Fifteen no. a year,
|b 2000-2014
|
| 321 |
|
|
|a Frequency varies,
|b 1950-1999
|
| 362 |
0 |
|
|a Vol. 1, no. 1 (Jan. 1950)-
|
| 500 |
|
|
|a "An international journal for philosophy in the analytic tradition."
|
| 500 |
|
|
|a Imprint varies: Dordrecht-Holland : D. Reidel Publishing, 1972-Mar. 1988; Dordrecht : Kluwer Academic Publishers, May 1988-2004.
|
| 500 |
|
|
|a Title from caption (JSTOR, viewed Oct. 31, 2008).
|
| 506 |
|
|
|a License restrictions may limit access.
|
| 515 |
|
|
|a Some issues combined.
|
| 538 |
|
|
|a Mode of access: World Wide Web.
|
| 588 |
1 |
|
|a Vol. 175, issue 11 (November 2018) (Springer Link, viewed October 24, 2018).
|
| 650 |
|
0 |
|a Philosophy
|v Periodicals.
|
| 650 |
|
6 |
|a Philosophie
|v Périodiques.
|
| 650 |
|
7 |
|a Philosophy.
|2 fast
|0 (OCoLC)fst01060777
|
| 655 |
|
0 |
|a Electronic journals.
|
| 776 |
0 |
8 |
|i Print version:
|t Philosophical studies
|x 0031-8116
|w (DLC) 52062286
|w (OCoLC)1490601
|
| 850 |
|
|
|a DLC
|
| 856 |
4 |
0 |
|z Full text available from Research Library: 11/01/1996 to 07/31/2014
|u https://search.proquest.com/publication/36470
|